[Event "Mukachevo IM May 2019"]
[Site "Mukachevo"]
[Date "2019.05.10"]
[Round "2.4"]
[White "Tiba, Vladyslav"]
[Black "Itkis, Boris"]
[Result "1-0"]
[WhiteElo "2370"]
[BlackElo "2327"]
[Annotator "TA"]
[PlyCount "68"]
[EventDate "2019.05.09"]
[EventType "tourn"]
[EventCountry "UKR"]
[SourceTitle "playchess.com"]
[Source "ChessBase"]
[SourceQuality "1"]

{[%evp 26,68,30,24,27,30,49,38,47,47,63,54,56,63,53,54,64,56,153,164,168,160,171,158,159,134,135,108,165,147,149,143,249,234,230,223,276,271,477,477,454,412,29972,29972,29998]} 1. e4 c6 2. d4 d5 3. Nc3 dxe4 4. Nxe4 Bf5 5. Ng3 Bg6 6. h4 h6 7. Nf3 Nd7 8. h5 Bh7 9. Bd3 Bxd3 10. Qxd3 e6 11. Bd2 Ngf6 12. O-O-O Qc7 13. Ne4 O-O-O 14. g3 Be7 {B19: Classical Caro-Kann: 4...Bf5 main line} 15. Kb1 Nxe4 16. Qxe4 Nf6 {White is slightly better.} 17. Qe2 c5 18. dxc5 Bxc5 19. Rh4 {[#]} Qe7 $146 ({Predecessor:} 19... Nd5 20. Rc4 Nb6 21. Rg4 Rhg8 22. a4 Kb8 23. a5 Nd5 24. Rc4 Qe7 25. Ne5 {1-0 (51) Ni,H (2710)-Mahjoob,M (2507) Beijing 2008}) 20. Rc4 {And now b4 would win.} Kb8 $1 21. Ne5 Ka8 {[#]} ({Black should try} 21... Bb6 $14) 22. Nxf7 $1 $16 {[%mdl 576] Deflection} Qxf7 23. Rxc5 Rd5 24. Rxd5 exd5 25. Bc3 Nxh5 26. Qb5 Rd8 (26... Nf6 $16 {keeps fighting.} 27. Bd4 Qe6) 27. Bd4 {Black must now prevent Bxa7!} Qc7 28. Rh1 Rc8 {[#]} (28... Nf6 $16 {might work better.}) 29. Qa4 $1 $18 {[%csl Gd4][%cal Ra4a7][%mdl 512]} b5 30. Qb3 $40 {[%mdl 128] White has strong attack.} Qf7 31. Qxb5 Qf5 $2 {[#]} (31... Nf6 32. Qa5 Ne4) 32. Qa4 $1 {[%csl Gd4][%cal Ra4a7]} Rc7 33. Re1 {White threatens Re8+ and mate.} ({Much less strong is} 33. Qe8+ Kb7 $18) 33... Qd7 (33... Nf6 $18 34. f3 Rb7) 34. Re8+ Kb7 {Accuracy: White = 69%, Black = 24%.} 1-0

[Event "Mukachevo IM May 2019"]
[Site "Mukachevo"]
[Date "2019.05.10"]
[Round "2.5"]
[White "Vachylia, Andrii"]
[Black "Martynyuk, Elizaveta"]
[Result "1-0"]
[WhiteElo "2285"]
[BlackElo "2141"]
[Annotator "TA"]
[PlyCount "39"]
[EventDate "2019.05.09"]
[EventType "tourn"]
[EventCountry "UKR"]
[SourceTitle "playchess.com"]
[Source "ChessBase"]
[SourceQuality "1"]

{[%evp 10,39,24,22,47,0,0,-13,27,22,37,34,44,60,116,60,56,72,754,767,752,750,754,746,2345,2351,2203,975,2179,2077,29994,29995]} 1. d4 d5 2. c4 e6 3. Nf3 Nf6 4. g3 c6 5. Bg2 dxc4 6. Ne5 b5 {E04: Open Catalan: 5 Nf3} (6... Bb4+ 7. Bd2 Be7 8. e3 b5 9. Nxc6 Nxc6 10. Bxc6+ Bd7 11. Bxa8 Qxa8 12. f3 e5 13. dxe5 Ng4 14. O-O Nxe5 {½-½ (27) Vidit,S (2711)-Vitiugov,N (2726) Prague 2019}) 7. O-O Bb7 8. a4 {And now axb5 would win.} Qc7 {The position is equal.} 9. b3 {[%cal Bb2b3,Bb3c4][%mdl 32]} Nbd7 $146 ({Predecessor:} 9... cxb3 10. Qxb3 b4 11. Bf4 Bd6 12. Nd3 Bxf4 13. gxf4 {½-½ (23) Gordievsky,D (2615)-Geller,J (2518) Moscow 2018}) 10. bxc4 Nxe5 11. dxe5 Qxe5 {[#]} (11... Nd7 $14) 12. axb5 ({White should try} 12. cxb5 $1 $16 {[%mdl 512]} Ne4 (12... cxb5 13. Bxb7) 13. Qb3) 12... Qxa1 $14 13. bxc6 Qxb1 $2 {[%mdl 8192]} (13... Bc8 $16) 14. cxb7 $18 Rd8 15. Bc6+ Nd7 16. Bb5 Bb4 {[#]} 17. Qxd7+ $1 {[%mdl 576] Remove Defender, Deflection, Promotion} Rxd7 18. b8=Q+ Ke7 19. Qxh8 {White threatens Bg5+ and mate.} Rd8 20. Bg5+ {[%mdl 64] Skewer, Discovered Attack} 1-0

[Event "Mukachevo IM May 2019"]
[Site "Mukachevo"]
[Date "2019.05.10"]
[Round "3.1"]
[White "Martynyuk, Elizaveta"]
[Black "Tran, David"]
[Result "0-1"]
[WhiteElo "2141"]
[BlackElo "2070"]
[Annotator "NA"]
[PlyCount "56"]
[EventDate "2019.05.09"]
[EventType "tourn"]
[EventCountry "UKR"]
[SourceTitle "playchess.com"]
[Source "ChessBase"]
[SourceQuality "1"]
[TimeControl "40/5400+30:900+30"]

1. e4 {[%emt 0:08:01]} e5 {[%emt 0:00:00]} 2. Nf3 {[%emt 0:00:07]} Nc6 {[%emt 0:00:00]} 3. Bc4 {[%emt 0:00:05]} Bc5 {[%emt 0:00:00]} 4. c3 {[%emt 0:00:06]} Nf6 {[%emt 0:00:00]} 5. d3 {[%emt 0:00:07]} a6 {[%emt 0:00:03]} 6. Nbd2 {[%emt 0:00:11]} d6 {[%emt 0:00:09]} 7. Bb3 {[%emt 0:00:04]} O-O {[%emt 0:00:09]} 8. O-O {[%emt 0:00:07]} Ba7 {[%emt 0:00:01]} 9. Re1 {[%emt 0:00:25]} Ng4 {[%emt 0:00:18]} 10. Re2 {[%emt 0:00:06]} Kh8 {[%emt 0:01:24]} 11. h3 {[%emt 0:00:11]} Nh6 {[%emt 0:00:05]} 12. Nf1 {[%emt 0:00:24]} f5 {[%emt 0:02:16]} 13. Bg5 {[%emt 0:02:20]} Qe8 {[%emt 0:01:01]} 14. exf5 {[%emt 0:03:21]} Nxf5 {[%emt 0:01:35]} 15. d4 {[%emt 0:00:26]} Qg6 {[%emt 0:00:52]} 16. dxe5 {[%emt 0:03:33]} Nxe5 {[%emt 0:01:13]} 17. N1h2 {[%emt 0:06:58]} Ng3 {[%emt 0:02:34]} 18. Rxe5 {[%emt 0:01:16]} dxe5 {[%emt 0:00:09]} 19. Be7 {[%emt 0:01:15]} Re8 {[%emt 0:00:55]} 20. Nxe5 {[%emt 0:00:40]} Bxf2+ {[%emt 0:01:56]} 21. Kxf2 {[%emt 0:00:06]} Ne4+ {[%emt 0:01:59]} 22. Ke3 {[%emt 0:04:10]} Qg3+ {[%emt 0:04:11]} 23. Kxe4 {[%emt 0:02:49]} Bf5+ {[%emt 0:01:02]} 24. Kxf5 {[%emt 0:00:08]} Rxe7 {[%emt 0:00:03]} 25. Nf7+ {[%emt 0:02:11]} Kg8 {[%emt 0:00:19]} 26. Nd8+ {[%emt 0:04:05]} Kh8 {[%emt 0:00:35]} 27. Nf3 {[%emt 0:11:43]} Qg6+ {[%emt 0:00:32]} 28. Kf4 {[%emt 0:21:38]} Re4# {[%emt 0:00:10]} 0-1

[Event "Mukachevo IM May 2019"]
[Site "Mukachevo"]
[Date "2019.05.10"]
[Round "3.2"]
[White "Itkis, Boris"]
[Black "Vachylia, Andrii"]
[Result "1-0"]
[WhiteElo "2327"]
[BlackElo "2285"]
[Annotator "TA"]
[PlyCount "109"]
[EventDate "2019.05.09"]
[EventType "tourn"]
[EventCountry "UKR"]
[SourceTitle "playchess.com"]
[Source "ChessBase"]
[SourceQuality "1"]

{[%evp 16,109,28,26,28,9,25,15,62,48,56,69,55,63,72,73,70,63,54,54,62,66,81,54,117,130,161,156,181,133,129,121,112,102,147,141,162,175,172,177,266,289,287,286,285,283,258,268,258,262,295,254,268,267,259,269,309,308,276,258,317,291,566,571,574,581,572,566,647,609,613,591,1062,1043,1370,1001,914,885,1004,1003,6503,5085,4618,5616,29972,29969,29978,29979,29978,29980,29980,29981,29981,29981,29963,11725]} 1. d4 Nf6 2. c4 c6 3. Nc3 d5 4. cxd5 cxd5 5. Bf4 Nc6 6. e3 a6 7. Bd3 Bg4 8. Nge2 e6 9. Rc1 Bd6 {D10: Slav Defence: 3 cxd5 (without early Nf3) and 3 Nc3} 10. Bg5 (10. f3 Bh5 11. O-O Bg6 12. Na4 O-O 13. Bxg6 hxg6 14. Qb3 Na5 15. Qc3 Bxf4 16. Nxf4 Rc8 17. Qb4 {½-½ (31) Nakamura,H (2764)-Mamedyarov,S (2764) Baku 2014}) 10... O-O 11. O-O Qb8 $146 {The position is equal.} ({Predecessor:} 11... Rc8 12. Qd2 Bh5 13. Nf4 Bxf4 14. Bxf4 Bg6 15. Na4 Bxd3 16. Qxd3 Ne4 17. f3 {1-0 (36) Dzagnidze,N (2566)-Zimina,O (2364) Rome 2015}) 12. h3 Bh5 13. Bxf6 gxf6 14. f4 f5 {[#]} 15. g4 $1 $36 {[%cal Rg4h5][%mdl 2560] Keeping Black busy.} fxg4 16. Ng3 $1 {[%csl LRg4,LRh5]} Bg6 17. hxg4 Ne7 18. Rc2 b5 19. Rg2 b4 (19... Ra7 $14) 20. Nce2 $16 {[%cal Bc3e2,Be2g1,Bg1f3,Bf3e5][%mdl 32]} f5 21. gxf5 exf5 22. Kh1 Kh8 23. Ng1 Ng8 24. Nf3 Nh6 25. Ne5 Bxe5 26. fxe5 Qd8 27. Qf3 Qh4+ (27... Ng4 $142) 28. Rh2 $18 Qg5 29. Qf4 Qxf4 30. Rxf4 ({Don't do} 30. exf4 $6 Ng4 $18) 30... Kg7 31. Nh5+ Bxh5 32. Rxh5 Rac8 33. Rg5+ ({Much less strong is} 33. Bxa6 $6 Rc2 $16) 33... Kh8 34. Bxf5 (34. Bxa6 $6 Rc2 $16) 34... Nxf5 35. Rfxf5 ({Don't take} 35. Rgxf5 $6 Rg8 $16) 35... Rxf5 36. Rxf5 {[%mdl 4096] Endgame KR-KR} Kg7 37. Kg2 Rc2+ 38. Rf2 Rc6 $2 (38... Rc1 {was necessary.} 39. Rf4 Rc2+ 40. Kf3 Rxb2) 39. Kf3 b3 40. axb3 Rb6 41. Rc2 Rxb3 42. Rc5 Rxb2 43. Rxd5 Rb7 44. Ra5 Ra7 45. Kg4 Kg6 46. e4 Ra8 47. d5 h6 48. e6 h5+ 49. Kf4 h4 50. Ke5 {White mates.} Rh8 51. Rxa6 h3 52. Ra1 h2 53. Rh1 Kg7 54. Kd6 Kf8 55. Kd7 {Accuracy: White = 84%, Black = 43%.} 1-0

[Event "Mukachevo IM May 2019"]
[Site "Mukachevo"]
[Date "2019.05.10"]
[Round "3.3"]
[White "Shkuran, Danylo"]
[Black "Tiba, Vladyslav"]
[Result "1/2-1/2"]
[WhiteElo "2357"]
[BlackElo "2370"]
[Annotator "NA"]
[PlyCount "63"]
[EventDate "2019.05.09"]
[EventType "tourn"]
[EventCountry "UKR"]
[SourceTitle "playchess.com"]
[Source "ChessBase"]
[SourceQuality "1"]
[TimeControl "40/5400+30:900+30"]

1. e4 {[%emt 0:01:28]} e5 {[%emt 0:00:00]} 2. Nf3 {[%emt 0:00:05]} Nf6 {[%emt 0:00:00]} 3. Nxe5 {[%emt 0:00:07]} d6 {[%emt 0:00:09]} 4. Nf3 {[%emt 0:00:05]} Nxe4 {[%emt 0:00:05]} 5. Qe2 {[%emt 0:00:05]} Qe7 {[%emt 0:00:08]} 6. d3 {[%emt 0:00:05]} Nf6 {[%emt 0:00:07]} 7. Bg5 {[%emt 0:00:05]} Qxe2+ {[%emt 0:00:18]} 8. Bxe2 {[%emt 0:00:05]} Be7 {[%emt 0:00:07]} 9. Nc3 {[%emt 0:00:21]} h6 {[%emt 0:01:13]} 10. Bf4 {[%emt 0:00:27]} Nc6 {[%emt 0:01:13]} 11. O-O-O {[%emt 0:01:18]} Bf5 {[%emt 0:02:46]} 12. h3 {[%emt 0:00:07]} O-O-O {[%emt 0:00:21]} 13. Rhe1 {[%emt 0:00:12]} Rhe8 {[%emt 0:00:05]} 14. Bf1 {[%emt 0:00:38]} Bf8 {[%emt 0:00:06]} 15. Be3 {[%emt 0:00:39]} a6 $11 {[%emt 0:00:33]} 16. Nd4 {[%emt 0:01:52]} Bd7 {[%emt 0:02:53]} 17. Nxc6 {[%emt 0:00:07]} Bxc6 {[%emt 0:00:05]} 18. Bd4 {[%emt 0:00:06]} Nd5 {[%emt 0:00:13]} 19. Nxd5 {[%emt 0:00:10]} Bxd5 {[%emt 0:00:05]} 20. b3 {[%emt 0:00:30]} Kd7 {[%emt 0:00:37]} 21. Kd2 {[%emt 0:00:32]} Rxe1 {[%emt 0:00:08]} 22. Rxe1 {[%emt 0:00:03]} Re8 {[%emt 0:00:05]} 23. Rxe8 {[%emt 0:00:08]} Kxe8 {[%emt 0:00:04]} 24. c4 {[%emt 0:00:15]} Bc6 {[%emt 0:00:15]} 25. g3 {[%emt 0:01:53]} g6 {[%emt 0:01:30]} 26. h4 {[%emt 0:00:13]} h5 {[%emt 0:00:08]} 27. Bh3 {[%emt 0:00:09]} Bh6+ {[%emt 0:01:05]} 28. Be3 {[%emt 0:01:16]} Bg7 {[%emt 0:00:11]} 29. d4 {[%emt 0:01:15]} Bd7 {[%emt 0:00:14]} 30. Bxd7+ {[%emt 0:00:31]} Kxd7 {[%emt 0:00:06]} 31. Kd3 {[%emt 0:00:18]} Ke6 {[%emt 0:00:27]} 32. Ke4 {Ke5+} 1/2-1/2

[Event "Mukachevo IM May 2019"]
[Site "Mukachevo"]
[Date "2019.05.10"]
[Round "3.4"]
[White "Shankovskyi, Andrii"]
[Black "Larkin, Vladyslav"]
[Result "1/2-1/2"]
[WhiteElo "2374"]
[BlackElo "2366"]
[Annotator "ChessBase"]
[PlyCount "70"]
[EventDate "2019.05.09"]
[EventType "tourn"]
[EventCountry "UKR"]
[SourceTitle "playchess.com"]
[Source "ChessBase"]
[SourceQuality "1"]
[TimeControl "40/5400+30:900+30"]

1. e4 {[%emt 0:01:15]} e5 {[%emt 0:00:05]} 2. Nf3 {[%emt 0:00:02]} Nf6 {[%emt 0:00:06]} 3. Nxe5 {[%emt 0:00:04]} d6 {[%emt 0:00:03]} 4. Nf3 {[%emt 0:00:06]} Nxe4 {[%emt 0:00:05]} 5. Qe2 {[%emt 0:00:03]} Qe7 {[%emt 0:00:07]} 6. d3 {[%emt 0:00:04]} Nf6 {[%emt 0:00:05]} 7. Bg5 {[%emt 0:00:09]} Nbd7 {[%emt 0:00:06]} 8. Nc3 {[%emt 0:00:05]} Qxe2+ {[%emt 0:00:09]} 9. Bxe2 {[%emt 0:00:03]} Be7 {[%emt 0:00:05]} 10. O-O-O {[%emt 0:00:09]} h6 {[%emt 0:00:07]} 11. Bh4 {[%emt 0:00:08]} O-O {[%emt 0:00:13]} 12. Nd4 {[%emt 0:00:17]} Re8 {[%emt 0:00:24]} 13. Rde1 {[%emt 0:00:28]} c6 {[%emt 0:02:25]} 14. Nf5 {[%emt 0:00:23]} Bf8 {[%emt 0:00:25]} 15. Bd1 {[%emt 0:00:12]} g5 {[%emt 0:01:40]} 16. Bg3 {[%emt 0:00:02]} Ne5 {[%emt 0:00:10]} 17. Ne3 {[%emt 0:00:05]} Ng6 {[%emt 0:08:42]} 18. h4 {[%emt 0:00:02]} d5 {[%emt 0:00:21]} 19. hxg5 {[%emt 0:01:12]} hxg5 {[%emt 0:00:06]} 20. Ncxd5 {[%emt 0:03:08]} cxd5 {[%emt 0:00:16]} 21. Nxd5 {[%emt 0:00:02]} Nxd5 {[%emt 0:00:05]} 22. Rxe8 {[%emt 0:00:42]} Nf6 {[%emt 0:00:02]} 23. Rd8 {[%emt 0:03:15]} Kg7 {[%emt 0:01:02]} 24. Bd6 {[%emt 0:15:44]} Bxd6 {[%emt 0:00:24]} 25. Rxd6 {[%emt 0:00:02]} Be6 {[%emt 0:02:14]} 26. c3 {[%emt 0:02:47]} Bd5 {[%emt 0:06:20]} 27. c4 {[%emt 0:05:19]} Bxg2 {[%emt 0:03:19]} 28. Rg1 {[%emt 0:00:15]} Nf4 {[%emt 0:00:05]} 29. b4 {[%emt 0:08:28]} Kg6 {[%emt 0:20:14]} 30. b5 {[%emt 0:02:40]} Kf5 {[%emt 0:05:55]} 31. Re1 {[%emt 0:07:42]} Ne8 {[%emt 0:06:58]} 32. Rd7 {[%emt 0:01:15]} Nf6 {[%emt 0:00:05]} 33. Rd6 {[%emt 0:00:12]} Ne8 {[%emt 0:00:05]} 34. Rd4 {[%emt 0:08:33]} Nf6 {[%emt 0:00:24]} 35. Rd6 {[%emt 0:14:05]} Ne8 {[%emt 0:00:07]} 1/2-1/2

[Event "Mukachevo IM May 2019"]
[Site "Mukachevo"]
[Date "2019.05.10"]
[Round "3.5"]
[White "Ceres, Dragos"]
[Black "Oros, Robert"]
[Result "1/2-1/2"]
[WhiteElo "2317"]
[BlackElo "2316"]
[Annotator "TA"]
[PlyCount "69"]
[EventDate "2019.05.09"]
[EventType "tourn"]
[EventCountry "UKR"]
[SourceTitle "playchess.com"]
[Source "ChessBase"]
[SourceQuality "1"]

{[%evp 9,69,15,31,24,32,32,34,17,16,15,31,4,16,0,7,-4,-7,0,12,6,16,-6,22,22,26,36,33,5,0,6,14,6,33,0,9,-23,-18,-14,-18,-24,-29,-27,0,0,0,0,-10,-18,0,-12,8,-14,-14,-15,0,-6,-6,-6,0,-4,0,-12]} 1. e4 c5 2. Nf3 d6 3. Bb5+ Bd7 4. Bxd7+ Qxd7 5. c4 g6 (5... Nc6 6. Nc3 g6 7. d4 cxd4 8. Nxd4 Bg7 9. Nde2 Nf6 10. O-O Qe6 11. Nd5 Qxe4 12. Nc7+ Kd7 13. Nxa8 Qxc4 14. Nb6+ axb6 15. b3 Qd5 16. Bb2 Qxd1 17. Rfxd1 b5 18. a3 {½-½ (79) So,W (2780)-Duda,J (2737) chess.com INT 2018}) 6. d4 {B52: Sicilian: Moscow Variation with 3...Bd7} cxd4 7. Nxd4 Bg7 8. b3 {White is slightly better.} Nf6 9. Nc3 Qg4 10. O-O (10. Qxg4 {feels hotter.} Nxg4 11. Nde2 Nc6 12. h3 Nge5 13. Be3) 10... Qxd1 11. Rxd1 Nc6 12. Bb2 Nxd4 13. Rxd4 O-O 14. Re1 Rfc8 15. Rd2 $146 ({Predecessor:} 15. Re2 Nh5 16. Rd1 Bxc3 17. Bxc3 {½-½ (37) Mika,J (2191)-Blasko,I (2308) Hungary 2007}) 15... Kf8 16. f4 Nh5 17. Rf1 Rc6 18. Ne2 Bxb2 19. Rxb2 Rc5 20. Nc3 a6 21. Nd5 Re8 22. g4 Nf6 23. Nxf6 exf6 $11 {[%mdl 4096] Endgame KRR-KRR} 24. Rd2 Rxe4 25. Rxd6 Kg7 26. Rb6 {The position is equal.} Rc7 27. h3 Rd7 28. Kg2 Re3 29. Rf2 Re1 30. Rf1 Re2+ 31. Rf2 Re3 32. Rf3 Rd2+ 33. Rf2 Rd7 34. Rf3 Re2+ 35. Rf2 {Accuracy: White = 38%, Black = 45%.} 1/2-1/2

[Event "Mukachevo IM May 2019"]
[Site "Mukachevo"]
[Date "2019.05.11"]
[Round "4.1"]
[White "Tran, David"]
[Black "Oros, Robert"]
[Result "0-1"]
[WhiteElo "2070"]
[BlackElo "2316"]
[Annotator "TA"]
[PlyCount "56"]
[EventDate "2019.05.09"]
[EventType "tourn"]
[EventCountry "UKR"]
[SourceTitle "playchess.com"]
[Source "ChessBase"]
[SourceQuality "1"]

{[%evp 20,56,-7,0,-8,-61,-36,-163,-164,-174,-131,-135,-134,-135,-137,-135,-133,-135,-122,-157,-137,-194,-215,-255,-260,-256,-247,-235,-249,-255,-164,-240,-240,-297,-291,-705,-679,-1060,-1133]} 1. e4 c5 2. Nc3 Nc6 3. g3 g6 4. Bg2 Bg7 5. d3 d6 6. f4 e6 7. Nf3 Nge7 8. O-O O-O 9. Be3 Nd4 10. e5 Nef5 11. Bf2 $1 Nxf3+ {B25: Closed Sicilian: 3 g3, lines without early Be3} (11... d5 12. Nxd4 Nxd4 13. Ne2 Nxe2+ 14. Qxe2 b6 15. c3 Ba6 16. g4 Qd7 17. Bg3 f6 18. exf6 Rxf6 19. Rae1 Re8 20. b3 Rf7 {0-1 (38) Muzychuk,A (2545)-Kosteniuk,A (2541) Beijing 2014}) 12. Bxf3 (12. Qxf3 $11 Nd4 13. Qd1) 12... dxe5 13. Bxc5 (13. fxe5 $15 Bxe5 14. Bxc5) 13... exf4 $19 {Black is clearly better.} 14. Bxf8 Qxf8 15. gxf4 $146 ({Predecessor:} 15. Qd2 fxg3 16. h3 Bd4+ 17. Kh1 g2+ 18. Qxg2 Ne3 19. Qf2 Nxf1 20. Qxd4 {0-1 (91) Shen,C (1794)-Landa Medrano,G (1719) Al Ain 2013}) 15... Ne3 16. Qd2 Nxf1 17. Rxf1 Qb4 18. Rb1 Bh6 19. Qg2 Bd7 20. Bxb7 (20. Ne4 $17) 20... Rb8 21. Bf3 Bg7 ({Don't do} 21... Bxf4 22. Qf2 $19) ({But not} 21... Qxf4 22. Qg3 $17) 22. Ne4 f5 23. Nf2 Qxf4 24. b3 Qe3 25. Kf1 {[#]} (25. Bc6 {keeps fighting.} Bxc6 26. Qxc6) 25... Rc8 $1 {[%cal Rc8c2]} 26. Nd1 Qf4 {...Bc6 is the strong threat.} 27. Kg1 $2 (27. c4) 27... Bd4+ 28. Kh1 {[#]} Rxc2 $1 {[%mdl 512] Accuracy: White = 34%, Black = 69%.} 0-1

[Event "Mukachevo IM May 2019"]
[Site "Mukachevo"]
[Date "2019.05.11"]
[Round "4.1"]
[White "Tran, David"]
[Black "Oros, Robert"]
[Result "*"]
[WhiteElo "2070"]
[BlackElo "2316"]
[Annotator "TA"]
[PlyCount "39"]
[EventDate "2019.05.09"]
[EventType "tourn"]
[EventCountry "UKR"]
[SourceTitle "playchess.com"]
[Source "ChessBase"]
[SourceQuality "1"]

{[%evp 20,28,-4,0,-11,-41,-26,-162,-162,-164,-121]} 1. e4 c5 2. Nc3 Nc6 3. g3 g6 4. Bg2 Bg7 5. d3 d6 6. f4 e6 7. Nf3 Nge7 8. O-O O-O 9. Be3 Nd4 10. e5 Nef5 11. Bf2 $1 Nxf3+ {B25: Closed Sicilian: 3 g3, lines without early Be3} (11... d5 12. Nxd4 Nxd4 13. Ne2 Nxe2+ 14. Qxe2 b6 15. c3 Ba6 16. g4 Qd7 17. Bg3 f6 18. exf6 Rxf6 19. Rae1 Re8 20. b3 Rf7 {0-1 (38) Muzychuk,A (2545)-Kosteniuk,A (2541) Beijing 2014}) 12. Bxf3 dxe5 13. Bxc5 (13. fxe5 $11 Bxe5 14. Bxc5) 13... exf4 $19 14. Bxf8 Qxf8 {Predecessor:} 15. Qd2 $146 fxg3 16. h3 Bd4+ 17. Kh1 g2+ 18. Qxg2 Ne3 19. Qf2 Nxf1 20. Qxd4 {0-1 (91) Shen,C (1794)-Landa Medrano,G (1719) Al Ain 2013} *

[Event "Mukachevo IM May 2019"]
[Site "Mukachevo"]
[Date "2019.05.11"]
[Round "4.2"]
[White "Larkin, Vladyslav"]
[Black "Ceres, Dragos"]
[Result "1-0"]
[WhiteElo "2366"]
[BlackElo "2317"]
[Annotator "TA"]
[PlyCount "107"]
[EventDate "2019.05.09"]
[EventType "tourn"]
[EventCountry "UKR"]
[SourceTitle "playchess.com"]
[Source "ChessBase"]
[SourceQuality "1"]

{[%evp 9,107,0,10,2,0,0,0,0,0,0,-12,-13,17,21,16,18,35,43,41,39,77,74,421,173,170,158,144,162,154,93,79,86,94,83,83,82,82,54,50,45,47,54,49,31,77,74,68,44,88,87,117,105,146,152,152,120,109,0,152,152,131,87,87,100,85,86,89,98,88,100,100,100,115,115,114,114,114,114,114,115,114,114,172,188,319,314,272,145,522,522,510,498,498,439,1175,1191,922,947,1914,1810]} 1. d4 Nf6 2. Bf4 c5 3. e3 Qb6 4. Nc3 a6 5. a3 (5. Bc4 cxd4 6. exd4 e6 7. Nge2 d5 8. Bb3 Bd7 9. O-O Be7 10. Qe1 O-O 11. Rd1 Nc6 {1-0 (23) Aronian,L (2767)-Giri,A (2782) chess.com INT 2018}) 5... d5 6. dxc5 {A45: Trompowsky Attack} Qxc5 7. Qd2 $146 ({Predecessor:} 7. Nf3 Bg4 8. Be2 e6 9. Ne5 Bxe2 10. Qxe2 Nc6 11. O-O Be7 {½-½ (23) Miladinovic,I (2571)-Jankovic,A (2540) Banja Vrucica 2009}) 7... b5 8. Rd1 {The position is equal.} e6 9. e4 $40 {[%cal Re4d5][%mdl 128] Black needs to defend precisely.} Bb7 $1 10. Be2 $1 Nbd7 {Hoping for ...e5.} (10... Be7 {seems wilder.} 11. exd5 Nxd5 12. Nxd5 Qxd5 13. Bf3 Qxd2+ 14. Kxd2 Bxf3 15. Nxf3 Nd7) 11. e5 Ng8 12. Nf3 Qc7 13. O-O h6 14. Rfe1 Bc6 15. Nd4 {Strongly threatening Bh5.} Rb8 $2 {[%mdl 8192]} (15... Bc5 $16 {is a better chance.}) 16. Nxc6 (16. Bh5 $142 {Nxe6 is the strong threat.} Nc5 17. b4) 16... Qxc6 $18 17. Nxd5 $1 Qxd5 18. Qxd5 exd5 19. e6 (19. Bh5 $142 $1 g6 20. e6) 19... fxe6 $16 20. Bxb8 Nxb8 21. Bg4 $1 {[%csl LRd5,LRe6]} Nf6 22. Bxe6 Be7 23. Bxd5 Nxd5 24. Rxd5 {Black must now prevent Rde5.} Kf7 25. g3 Rc8 26. Re2 Bf6 27. c3 Rc7 28. f4 Rc4 29. Kg2 Rc6 30. Kf3 Rc4 31. Rd6 Rc6 32. Ree6 Rc8 33. Re2 (33. f5 {with more complications.} Bg5 34. Rb6 Kf8 35. Kg4 Bd8 36. Rbd6) 33... Rc6 $1 {[%cal Rc6d6]} 34. Rxc6 Nxc6 35. Rd2 Ke6 36. Ke4 Na5 37. f5+ Ke7 {[#]} 38. Kd5 $1 Kd7 39. Re2 Nc4 {[#]} 40. Re6 $1 Nxb2 41. Rxa6 Na4 42. c4 Nc3+ 43. Kc5 bxc4 44. Ra7+ Kc8 45. Kxc4 Ne4 (45... Nd1 $16 {was necessary.}) 46. Kd5 $18 Nc3+ (46... Kb8 $142 47. Rf7 Nf2) 47. Kc6 {[%cal Ra7a8]} Kb8 48. Rf7 ({Better is} 48. Rb7+ $18 Ka8 49. Rd7) 48... Be5 $2 {[%mdl 8192]} (48... Nd1 $16 49. Rb7+ Ka8) 49. g4 {White is clearly winning.} Bf6 {[#]} 50. h4 $1 {[%mdl 512] And now Rxf6! would win.} Ne4 (50... Bxh4 51. Rxg7) 51. a4 {[%cal Ba3a4,Ba4a5,Ba5a6][%mdl 32]} Ba1 (51... Bxh4 $142 52. Rb7+ (52. Rxg7 Nf6 $18) 52... Ka8 53. Rxg7 Nf6) 52. a5 Ka8 53. a6 Kb8 54. Re7 {Accuracy: White = 65%, Black = 46%.} 1-0